000 00849nam a2200277Ia 4500
001 Para_4341
003 CHAP
008 220125s1941 xx 000 0 und d
010 _a202868
040 _cCHAP
090 _aPA FOLLETO 1871
100 _aParman, Daniel C
_985644
245 _aRanch management for screwworm prevention and eradication in Texas and adjoining states /
_c Daniel C. Parman, William L. Barrett
260 _aWashington :
_b Department of Agriculture
300 _a8 p.
440 _aEUA. Department of Agriculture; E-520
_9168324
650 _aCochliomyia homnivorax
_924211
700 _aBarrett, William L.
_910476
901 _aPA FOLLETO 1871
902 _aA
905 _a0000001941 WAS 0000000000 00
910 _a1941
942 _cPARA
942 _cPARA
_d1
999 _c202868
_d202868